| 000 | 00715nam a2200241 a 4500 | ||
|---|---|---|---|
| 999 |
_c6163 _d6163 |
||
| 001 | 20266 | ||
| 003 | BD-DhUAP | ||
| 005 | 20201227121211.0 | ||
| 008 | 201227r20172016ii a b 001 0 eng d | ||
| 020 | _a9789332557185 | ||
| 040 |
_aDLC _cDLC _dBD-DhUAP _beng |
||
| 082 | 0 | 0 |
_a658.8 KOT _223 |
| 100 | _aKotler, Philip. | ||
| 245 | 1 | 0 |
_aMarketing management / _cPhilip Kotler and Kevin Lane Keller. |
| 250 | _a15th ed. | ||
| 260 |
_aNew Delhi : _bPearson, _cc2016 [Reprinted 2017]. |
||
| 300 |
_avarious pages : _billustrations ; _c26 cm. |
||
| 504 | _aIncludes bibliographical references and index. | ||
| 650 | 0 |
_aMarketing _xManagement. |
|
| 700 | 1 | _aKeller, Kevin Lane. | |
| 942 | 0 | 0 |
_2ddc _cBK |